Evaluating military advertising and recruiting : theory and methodology /

Bibliographic Details
Corporate Author: National Research Council (U.S.). Committee on the Youth Population and Military Recruitment
Other Authors: Sackett, Paul R., Mavor, Anne S.
Format: Book
Language:English
Published: Washington, D.C. : National Academies Press, [2004]
Subjects:
Online Access:Table of contents

MARC

Tag First Indicator Second Indicator Subfields
LEADER 00000cam a22000004a 4500
001 in00002000987
005 20151031125409.0
008 031216s2004 dcu b 001 0 eng
010 |a  2003027271 
020 |a 0309091276 (hardcover) 
020 |a 0309529476 (pdf) 
035 |a (OCoLC)ocm53970667 
040 |a DLC  |c DLC  |d UtOrBLW 
042 |a pcc 
043 |a n-us--- 
049 |a TXAM 
050 0 0 |a UB323  |b .A5 2004 
082 0 0 |a 355.2/2362/0973  |2 22 
110 2 |a National Research Council (U.S.).  |b Committee on the Youth Population and Military Recruitment. 
245 1 0 |a Evaluating military advertising and recruiting :  |b theory and methodology /  |c Committee on the Youth Population and Military Recruitment--phase II ; Paul R. Sackett and Anne S. Mavor, editors : Board on Behavioral, Cognitive, and Sensory Sciences, Division of Behavioral and Social Sciences and Education, National Reearch Council. 
264 1 |a Washington, D.C. :  |b National Academies Press,  |c [2004] 
264 4 |c ©2004 
300 |a xi, 193 pages ;  |c 24 cm. 
336 |a text  |b txt  |2 rdacontent 
337 |a unmediated  |b n  |2 rdamedia 
338 |a volume  |b nc  |2 rdacarrier 
504 |a Includes bibliographical references (pages 172-178) and index. 
651 0 |a United States  |x Armed Forces  |x Recruiting, enlistment, etc. 
650 0 |a Manpower  |z United States. 
650 0 |a Youth  |z United States. 
700 1 |a Sackett, Paul R. 
700 1 |a Mavor, Anne S. 
856 4 1 |3 Table of contents  |u http://www.loc.gov/catdir/toc/ecip0412/2003027271.html  |t 0 
945 |i PromptCat 
948 |a cataloged  |b h  |c 2004/11/5  |d c  |e dmitchel  |f 9:50:30 am 
994 |a 92  |b TXA 
999 |a MARS 
999 f f |s 1e1d0ae3-4829-3ae9-9b48-248304fa595a  |i 1d849374-c0f4-3d4f-bbdd-ff7480597c3f  |t 0 
952 f f |p ric  |a Texas A&M University  |b Rellis Campus  |c Joint Library Facility  |d Remote Storage  |t 0  |e UB323.A5 2004  |h Library of Congress classification  |i unmediated -- volume  |m A14831584741 
998 f f |a UB323.A5 2004  |t 0  |l Remote Storage